The effects of workers'' region of birth on labor market outcomes in the Republic of Korea /
সংরক্ষণ করুন:
| প্রধান লেখক: | |
|---|---|
| অন্যান্য লেখক: | |
| বিন্যাস: | পাঠ্য |
| ট্যাগগুলো: |
ট্যাগ যুক্ত করুন
কোনো ট্যাগ নেই, প্রথমজন হিসাবে ট্যাগ করুন!
|
MARC
| LEADER | 00000 a a2200000 04500 | ||
|---|---|---|---|
| 001 | 40845 | ||
| 003 | |||
| 040 | |||
| 100 | |a Kim, Yong-Min | ||
| 245 | |a The effects of workers'' region of birth on labor market outcomes in the Republic of Korea / |c Yong-Min Kim ; Ki Seong Park | ||
| 700 | |a Park, Ki Seong | ||
| 773 | |g volumen42, número4 (2004), páginas 461-478 : tablas, mapas | ||
| 999 | |c 21033 |d 21033 | ||
